| 000 | 01428nam a22003737a 4500 | ||
|---|---|---|---|
| 003 | CHAP | ||
| 005 | 20220329143510.0 | ||
| 008 | 100304s2009 mx r 00010 spa | ||
| 010 | _a97586 | ||
| 011 | _a98558 | ||
| 035 | _a109243 | ||
| 040 | _cCHAP | ||
| 090 | _aTesis | ||
| 100 | 1 |
_dMartínez Aguilar, Keren. _9124362 |
|
| 245 | 1 | 4 |
_aTolerancia de Cologania broussonetii y Vicia sp al herbicida glifosato in vitro, invernadero y campo en Chapingo , México _c/por Keren Martínez Aguilar |
| 260 |
_aChapingo, Méx. : _bEl autor, _c2009 |
||
| 300 |
_avi, 66 h. : _bilus., cuadros, gráfs. |
||
| 502 | _aTesis (Ing. Agr. Esp. en Parasitología agrícola) -- UACH. Departamento de Parasitología Agrícola | ||
| 590 |
_aALEPH _b10 _c20130110 _lUCH01 _h1532 |
||
| 590 |
_aBATCH-UPD _b10 _c20130110 _lUCH01 _h0911 |
||
| 590 |
_aBATCH-UPD _b10 _c20130410 _lUCH01 _h0537 |
||
| 590 |
_aBATCH-UPD _b10 _c20130914 _lUCH01 _h1131 |
||
| 590 |
_aCONVERSION _b10 _c20130109 _lUCH01 _h1354 |
||
| 650 | 1 | 4 |
_aCultivos de cobertura. _930371 |
| 650 | 1 | 4 |
_aCultivos en invernadero. _930376 |
| 650 | 1 | 4 |
_aGlifosato. _948283 |
| 650 | 1 | 4 |
_aHerbicidas. _953691 |
| 650 | 1 | 4 |
_aLeguminosas _xSemilla. _965851 |
| 650 | 1 | 4 |
_aMalas hierbas _xControl. _970011 |
| 901 | _aBK | ||
| 942 | _cFOLL | ||
| 949 |
_aTesis _bBC _cTES _d33724002109545 _eTS1 _gDonaciØn _h50090 _i109243 _sb |
||
| 949 |
_aTesis _bBC _cTES _d33724002109595 _eTS2 _fc.2 _gDonaciØn _h50091 _i109243 _sb |
||
| 999 |
_c97586 _d97586 |
||